|
|
|
|
| LEADER |
01826nam a22003858i 4500 |
| 001 |
38387 |
| 003 |
BD-DhAAL |
| 005 |
20220413114259.0 |
| 008 |
200831t2021 nyu b 001 0 eng |
| 999 |
|
|
|c 43996
|d 43996
|
| 010 |
|
|
|a 2020039581
|
| 020 |
|
|
|a 9781603293518
|
| 020 |
|
|
|a 9781603295611
|
| 020 |
|
|
|a 9781603295628
|
| 020 |
|
|
|z 9781603293525
|
| 020 |
|
|
|z 9781603293532
|
| 040 |
|
|
|a DLC
|b eng
|e rda
|c DLC
|d DLC
|d BD-DhAAL
|
| 042 |
|
|
|a pcc
|
| 050 |
0 |
0 |
|a LB2369
|b .M52 2021
|
| 082 |
0 |
0 |
|a 808.02/7
|2 23
|
| 130 |
0 |
|
|a MLA handbook for writers of research papers
|9 48028
|
| 245 |
1 |
0 |
|a MLA handbook /
|c Modern Language Association of America.
|
| 250 |
|
|
|a Ninth edition.
|
| 260 |
|
|
|a New York, New York :
|b The Modern Language Association of America,
|c 2021.
|
| 300 |
|
|
|a xxx, 367 pages ;
|c 24 cm.
|
| 504 |
|
|
|a Includes bibliographical references and index.
|
| 520 |
|
|
|a "The ninth edition of the MLA Handbook is a textbook and reference guide that offers student writers and writing instructors guidance on creating works-cited-list entries in MLA style using the template of core elements. It features advice on punctuation, grammar, inclusive language, formatting research papers, and in-text citations. Includes an appendix of sample works-cited-list entries, illustrations, and an index"--
|
| 526 |
|
|
|a ENH
|
| 541 |
|
|
|a Karim International
|e 38387
|
| 650 |
|
0 |
|a Report writing
|v Handbooks, manuals, etc.
|9 48029
|
| 650 |
|
0 |
|a Research
|v Handbooks, manuals, etc.
|9 48030
|
| 710 |
2 |
|
|a Modern Language Association of America.
|9 48031
|
| 852 |
|
|
|a Ayesha Abed Library
|c General Stacks
|
| 942 |
|
|
|2 ddc
|c BK
|
| 952 |
|
|
|0 0
|1 0
|2 ddc
|4 0
|6 808_027000000000000_MLA
|7 0
|9 70414
|a BRACUL
|b BRACUL
|c GEN
|d 2022-04-07
|e Karim International
|g 2720.00
|l 2
|m 33
|o 808.027 MLA
|p 3010038387
|r 2026-01-04
|s 2025-10-20
|t 1
|v 2720.00
|w 2022-04-07
|y BK
|